Statistiques concernant Pays d'Amérique du Nord

Cliquez ici pour prendre le quiz!

Statistiques générales

  • Ce quiz a été pris 14,182 fois
  • Le résultat moyen est 18 sur 23

Statistiques - réponses

Pays % Correct
Etats-Unis
100%
Canada
100%
Mexique
99%
Cuba
95%
Panama
89%
Haïti
87%
Honduras
84%
Costa Rica
83%
République dominicaine
81%
Nicaragua
80%
Jamaïque
80%
Guatemala
80%
Belize
78%
Bahamas
77%
Salvador
73%
Barbade
63%
Dominique
62%
Sainte-Lucie
61%
Antigua-et-Barbuda
59%
Trinité-et-Tobago
58%
Saint-Vincent-et-les-
Grenadines
57%
Saint-Christophe-
et-Niévès
55%
Grenade
54%

Distribution des résultats

Percentile par nombre de réponses

% des personnes avec chaque résultat

Votre développement - résultats

Vous n’avez pas pris ce quiz